| 000 | 00909 a2200289 4500 | ||
|---|---|---|---|
| 003 | OSt | ||
| 005 | 20180116192347.0 | ||
| 008 | 120530t xxu||||| |||| 00| 0 eng d | ||
| 010 | _a 2009523029 | ||
| 020 | _a9783868590173 | ||
| 020 | _a386859017X | ||
| 024 | 3 | _a9783868590173 | |
| 035 | _a(GyWOH)har090031526 | ||
| 040 | _c0 | ||
| 082 | 0 | 4 | _a729 |
| 100 | 1 |
_aKrüger, Sylvie. _92651 |
|
| 245 | 1 | 0 |
_aTextile architecture = _bTextile Architektur / _cSylvie Krüger. |
| 246 | 3 | 1 | _aTextile Architektur |
| 260 |
_aBerlin : _bJovis, _cc2009. |
||
| 300 |
_a208 p. : _bmany ill. (chiefly col.), plans ; _c28 cm. |
||
| 650 | 1 | 0 |
_aTextile fabrics in interior decoration _92652 |
| 650 | 1 | 0 |
_aSynthetic fabrics in building _92653 |
| 650 | 1 | 0 |
_aTextile fabrics _92654 |
| 650 | 1 | 0 |
_aArchitecture _92655 |
| 942 |
_aSADA _cBK _k729 KRU 2009 _2ddc |
||
| 999 |
_c352809 _d352809 |
||